Quizzes
Events
Quiz Creation
Community
Videos
Private Events
Remove Ads
Sign In
Join for FREE
Feedback
Dark Mode
Quiz Categories
Sports
Geography
Music
Movies
Television
Just For Fun
Miscellaneous
History
Literature
Language
Science
Gaming
Entertainment
Religion
Holiday
For Kids
Quiz Lab
Recent
Popular Today
Quiz Kudos Today
Editor Picks
Curator Picks
Quizzes by...
Day
Popularity
Type
Ratings
Length
Year
Community
Subscriptions
Recent Discussions
Orange Saloon
Badges
Playlists
Quests
Create
Leaderboards
Showdown
Live 5
Trivia Bingo
Activity
Puzzle Library
Sporcle Events
Private Events
Virtual Trivia
Globe League
Become a Host
Pub Owners
SporcleCon
Opinionation
Our Games
Videos
Blog
Mobile Apps
Partnerships
Remove Ads and Go Orange
Feedback
Language
Vocabulary
Begins and Ends
Definition
Spanish
French
German
Italian
Chinese
Latin
Translation
Japanese
Language
Vocabulary
Begins and Ends
Definition
Spanish
French
German
Italian
Chinese
Latin
Translation
Japanese
Random Quiz
Search Sporcle
×
Quiz Lab
Quiz Lab
Language
Letter
Type in answers that appear in a list
Type in answers that appear in a list
Classic
Best Score? Go Orange.
My Big Fat Greek Wedding was All Greek to Me Stats
Can you name the Greek letters by clue??
By
ILoveSBSP
5m
24 Questions
65 Plays
65 Plays
65 Plays
Comments
Comments
Give Quiz Kudos
Give Quiz Kudos
-
- Ratings
hide this ad
More Info
Forced Order
Answers have to be entered in order
Answers have to be entered in order
Random Order
Randomize order of answers
Randomize order of answers
Replay
Link that replays current quiz
Next Quiz
Link to next quiz in quiz playlist
You Got
0%
They Got
Avg Score
39%
Avg Friend Score
Upgrade to see
Score Distribution
Jump to the score distribution portion of the page
Score
0/24
Timer
05:00
0
Plays Today
Clue
Greek Letter
% Correct
3.14159...................................
Pi
86.2%
Leader of a wolf pack
Alpha
76.9%
Could be found in fish oil_
Omega
63.1%
Most dangerous electromagnetic ray
Gamma
61.5%
Chinese 'life force'
Chi
50.8%
A landform of a river
Delta
46.2%
Tel Aviv University (abbr.)
Tau
46.2%
Pounds per square inch
Psi
46.2%
Ypsilon
Upsilon
40%
Edited to add (abbr.)
Eta
35.4%
A river of China well used in Scrabble
Xi
35.4%
Top-
level domain of Mauritius
Mu
33.8%
Clue
Greek Letter
% Correct
Top-
level domain of Niue
Nu
32.3%
Fraternity in Yale:Delta Kappa _
_
_
Epsilon
30.8%
Golden Ratio
Phi
30.8%
Italian motorcycle manufacturer
Beta
29.2%
_
_
_
Persei,also known as Atik
Omicron
26.2%
A small Greek island near Kastellorizo
Rho
26.2%
A 2007 videogame for Nintendo
Theta
24.6%
Milestone Comics size-
changing superhero
Iota
24.6%
The point on the skull where two parietal bones and the occipital bone come together
Lambda
24.6%
An ancient Roman couch
Sigma
24.6%
A vegetarian sushi with cucumber:_
_
maki
Kappa
23.1%
A Hungarian wine grape
Zeta
21.5%
Quiz Playlist
Details
Report
Send in Message
Add To Playlist
More Info:
I went to a fast food restaraunt but Greece fell over me!
Classic:
Type in answers that appear in a list
Forced Order:
Answers have to be entered in order
Random Order:
Randomize order of answers
Last Updated: Feb 16, 2017
Quiz Scoreboard
CHALLENGE
Sign Up to Join the Scoreboard
Show All
Scores
Hide
Comments
May contain spoilers
Recently Published
Billboard Blitz: Fleetwood Mac
by CooCooCachoo
Music
15s
Presidents Visiting Landmarks
by Hejman
History
7m
An Introduction to Baseball
by treessimontrees
Sports
5m
More to Explore
Quiz From the Vault
Featured Blog Post
Where Did the Easter Bunny Come From?
hide this ad
You Might Also Like...
Tags
Letter Quiz
fat
Greek
Wedding
Today's Top Quizzes in Language
Browse Language
hide this ad
Today's Top Quizzes in Letter
Browse Letter
Top Contributed Quizzes in Language
1
1-10 Letter F Words III
2
1-10 Letter G Words III
3
Order Up: Top 10 Most Native Spoken Languages
4
1-10 Letter H Words III
5
One Thing in Common: Italy
6
1-10 Letter I Words III
7
Weisst du, aus welchen Sprachen diese Wörter stammen?
8
1-10 Letter J Words III
9
Celtic Nations in their Language
10
1-10 Letter K Words III
Explore More
Trending Topics
Disney
Anime
NBA
Harry Potter
Crossword
Kpop
Marvel
Country
Soccer
The Office
Puzzle
NFL
Pokémon
WWE
Song
hide this ad
More By:
ILoveSBSP
Quiz
Plays
Rating
Category
Featured
Created
This One Goes to 12
64,934
4.26
Miscellaneous
Aug 8, 2011
Who Wants to Be a Sporcle Millionaire?
36,965
2.51
Just For Fun
Jul 23, 2012
Freaky Headings
839
4.29
Language
Jul 15, 2011
Countries by Canals
234
4.00
Geography
Jan 25, 2012
The 20th Century
133
3.67
History
Jul 15, 2012
Go to Creator's Profile
Score Distribution
Quiz Creator Spotlight
ILoveSBSP
Follow
Send a Message
Quizzes Created
-
Created Quiz Play Count
-
More By This Creator
Popular Quizzes Today
1
Find the US States - No Outlines Minefield
2
Find the Countries of Europe - No Outlines Minefield
3
The Countries of the World
4
Find the US States
5
US States
6
Popular People in 1961
7
Risky Map Clicking: Biggest States A-Z
8
Movies - When Are They Set?
More Language Quizzes
Country-Language Match-Up
Editor's Pick
Trending Quizzes
Risky Map Clicking: Least Populous States A-Z
1-10 Letter G Words
1-10 Letter F Words
Risky Map Clicking: Next State Alphabetically
'A' Boys' Names Grid
Recently Updated
Leaping Animals
pecheneg
Reality TV Shows (A-Z)
bhenderson79
Rickey Henderson's Hall of Fame Teammates
pecheneg
Champions League XIs: Arsenal
pecheneg
Quick Pick: Celebrities in WWE's Hall of Fame
aduchscher
A-Z Keypad Blitz II
pecheneg
Multiple Oscar Actors
pecheneg
Mystery Phrase Blitz: Oscar 'Best Actors'
pecheneg
F. Scott Fitzgerald Novels
LTH
Pick 3 Villains
ddd62291
Trending Topics
Crossword
Marvel
Harry Potter
NBA
Kpop
Disney
Anime
NFL
Puzzle
Song
The Office
Country
Pokémon
Soccer
WWE
Your Account Isn't Verified!
In order to create a playlist on Sporcle, you need to verify the email address you used during registration. Go to your
Sporcle Settings
to finish the process.
Report this User
Report this user for behavior that violates our
Community Guidelines
.
Details:
Send Report
Go to the Sporcle.com Mobile Site →
Comments